[Event "Vrsar op"]
[Site "Vrsar"]
[Date "2023.04.27"]
[Round "4"]
[White "Azinovic, Igor"]
[Black "Crnkovic, Zdravko"]
[Result "0-1"]
[WhiteElo "1681"]
[BlackElo "1979"]
[PlyCount "82"]
[EventDate "2023.04.25"]
[EventType "swiss"]
[EventRounds "9"]
[EventCountry "CRO"]
[SourceTitle "CBM 214 Extra"]
[Source "ChessBase"]
[SourceDate "2023.07.31"]
[SourceVersion "1"]
[SourceVersionDate "2023.07.31"]
[SourceQuality "1"]

1. e4 e5 2. Nf3 Nc6 3. c3 Nf6 4. d4 exd4 5. e5 Ng4 6. cxd4 Bb4+ 7. Bd2 Bxd2+ 8. Qxd2 0-0 9. h3 Nh6 10. d5 Nxe5 11. Nc3 Nxf3+ 12. gxf3 d6 13. 0-0-0 Qh4 14. Bd3 Bf5 15. Ne4 Rae8 16. Rdg1 Bg6 17. Rg3 Re5 18. Nc3 Qd4 19. f4 Rh5 20. Rhg1 c6 21. dxc6 bxc6 22. Kb1 d5 23. Qc2 Bxd3 24. Rxd3 Qxf4 25. Rdg3 g6 26. Qd1 Re5 27. f3 Rfe8 28. R3g2 Nf5 29. Rg4 Qh2 30. Rg5 Qxh3 31. f4 Re3 32. a3 Qh4 33. Ka2 Qxf4 34. Qh5 Qc4+ 35. Kb1 Re1+ 36. Nd1 Qd3+ 37. Ka2 Nd4 38. R1g3 Qc4+ 39. Ka1 Nb3+ 40. Kb1 Nd2+ 41. Ka1 Qc1+ 0-1

[Event "Vrsar op"]
[Site "Vrsar"]
[Date "2023.04.27"]
[Round "3"]
[White "Crnkovic, Zdravko"]
[Black "Kien, James"]
[Result "0-1"]
[WhiteElo "1979"]
[BlackElo "1732"]
[PlyCount "80"]
[EventDate "2023.04.25"]
[EventType "swiss"]
[EventRounds "9"]
[EventCountry "CRO"]
[SourceTitle "CBM 214 Extra"]
[Source "ChessBase"]
[SourceDate "2023.07.31"]
[SourceVersion "1"]
[SourceVersionDate "2023.07.31"]
[SourceQuality "1"]

1. e4 c5 2. Nf3 e6 3. d4 cxd4 4. Nxd4 Nf6 5. Bd3 Nc6 6. Nxc6 bxc6 7. 0-0 d5 8. Nc3 Be7 9. e5 Nd7 10. f4 Qb6+ 11. Kh1 Nc5 12. Rf3 Nxd3 13. cxd3 c5 14. f5 d4 15. Na4 Qc7 16. f6 gxf6 17. exf6 Bd6 18. Bh6 Bb7 19. Bg7 Bxf3 20. Qxf3 Kd7 21. Qh5 Kc6 22. b4 Rhd8 23. bxc5 Bf4 24. Qf3+ Kd7 25. Rf1 Be3 26. Qh5 Kc8 27. Qxh7 Rb8 28. Qe4 Rd5 29. Bf8 Qd7 30. Bd6 Qxa4 31. Bxb8 Kxb8 32. Qh7 Qe8 33. h4 Rxc5 34. Rb1+ Ka8 35. Kh2 Rc8 36. Kh3 Qd7 37. Rf1 e5+ 38. Kh2 Bf4+ 39. Kh1 a6 40. h5 Qg4 0-1

[Event "CRO Cup"]
[Site "Mali Losinj"]
[Date "2016.05.06"]
[Round "4.113"]
[White "Maduna, Dinko"]
[Black "Crnkovic, Zdravko"]
[Result "0-1"]
[WhiteElo "1632"]
[BlackElo "1999"]
[PlyCount "128"]
[EventDate "2016.05.04"]
[EventType "team-swiss"]
[EventRounds "6"]
[EventCountry "CRO"]
[SourceTitle "CBM 172 Extra"]
[Source "ChessBase"]
[SourceDate "2016.06.21"]
[SourceVersion "1"]
[SourceVersionDate "2016.06.21"]
[SourceQuality "1"]
[WhiteTeam "Zagreb Mladost"]
[BlackTeam "Rovinj Batana"]
[WhiteTeamCountry "CRO"]
[BlackTeamCountry "CRO"]

1. d4 d5 2. c4 c6 3. cxd5 cxd5 4. Nc3 Nf6 5. Bf4 a6 6. e3 Nc6 7. Bd3 e6 8. Nf3 Be7 9. h3 0-0 10. 0-0 Bd6 11. Bxd6 Qxd6 12. Rc1 Ne7 13. Qe2 Ng6 14. Rfd1 Bd7 15. Rd2 Rac8 16. Rdc2 b5 17. Nd2 Rfe8 18. a3 e5 19. dxe5 Nxe5 20. Nf3 Nc6 21. Qd2 Na5 22. Nxb5 Bxb5 23. Qxa5 Rxc2 24. Bxc2 g6 25. Ba4 Rb8 26. Bxb5 axb5 27. Nd4 Ne4 28. Rc6 Qe5 29. Qb4 Re8 30. Nf3 Qb8 31. Qb3 Rd8 32. Nd4 Qe5 33. Qxb5 Rb8 34. Rb6 Rc8 35. Rc6 Rb8 36. Qe2 Nd6 37. Nf3 Qe7 38. Qa6 Nc4 39. b4 Kg7 40. Kh2 h5 41. Qa4 g5 42. Nd4 Qe5+ 43. Kh1 g4 44. Qc2 gxh3 45. gxh3 Nxa3 46. Nf5+ Kh7 47. Rh6+ Kg8 48. Ne7+ Kf8 49. Qc5 Kg7 50. Ra6 Qe4+ 51. Kg1 Nc2 52. b5 Kh7 53. Nc8 Ne1 54. Kf1 Qb1 55. Ke2 Rxb5 56. Rh6+ Kg7 57. Qd4+ Kxh6 58. Qh8+ Qh7 59. Qf6+ Qg6 60. Qh8+ Kg5 61. Qe5+ Kh4 62. Kxe1 Qb1+ 63. Ke2 Rb2+ 64. Kf3 Qh1+ 0-1

[Event "Porec Istar Cup"]
[Site "Porec"]
[Date "2015.12.05"]
[Round "3"]
[White "Ghersinich, Enrico"]
[Black "Crnkovic, Zdravko"]
[Result "1-0"]
[WhiteElo "1753"]
[BlackElo "2024"]
[PlyCount "119"]
[EventDate "2015.12.04"]
[EventType "swiss"]
[EventRounds "7"]
[EventCountry "CRO"]
[SourceTitle "EXT 2017"]
[Source "ChessBase"]
[SourceDate "2016.10.25"]
[SourceVersion "1"]
[SourceVersionDate "2016.10.25"]
[SourceQuality "1"]

1. e4 e5 2. Nf3 d6 3. d4 Bg4 4. dxe5 Nc6 5. exd6 Bxd6 6. Nc3 Qe7 7. h3 Bh5 8. Bd3 Nf6 9. Be3 0-0-0 10. Qe2 Rhe8 11. 0-0-0 Bc5 12. g4 Bg6 13. Rhe1 Bb4 14. Bd2 Qc5 15. Qe3 Qa5 16. a3 Bc5 17. Qe2 Nd4 18. Nxd4 Bxd4 19. f4 h5 20. f5 Bh7 21. Nd5 Qc5 22. Bb4 Qxd5 23. exd5 Rxe2 24. Bxe2 Be3+ 25. Kb1 Bf2 26. Rf1 Bg3 27. Be7 Re8 28. Bxf6 gxf6 29. Bb5 Re7 30. gxh5 Bh4 31. Rg1 Bg5 32. h4 Bh6 33. Rde1 Re5 34. Rxe5 fxe5 35. f6 Kd8 36. Re1 e4 37. b4 a6 38. Bf1 Kd7 39. Bh3+ Kd6 40. Bc8 c6 41. Bxb7 cxd5 42. Rd1 Ke5 43. Rxd5+ Kxf6 44. Rd6+ Kg7 45. Bxa6 Bf4 46. h6+ Bxh6 47. Rxh6 Kxh6 48. b5 e3 49. b6 Be4 50. Be2 f5 51. Kc1 f4 52. Kd1 f3 53. Bxf3 Bxf3+ 54. Ke1 Kh5 55. a4 Kxh4 56. a5 Bb7 57. c4 Kg5 58. c5 Kf6 59. c6 Bxc6 60. a6 1-0

[Event "CRO-chT2 West"]
[Site "Croatia"]
[Date "2015.10.25"]
[Round "9.5"]
[White "Cvencek, Mladen"]
[Black "Crnkovic, Zdravko"]
[Result "1/2-1/2"]
[WhiteElo "1979"]
[BlackElo "2035"]
[PlyCount "62"]
[EventDate "2015.02.21"]
[EventType "team-tourn"]
[EventRounds "9"]
[EventCountry "CRO"]
[SourceTitle "EXT 2017"]
[Source "ChessBase"]
[SourceDate "2016.10.25"]
[SourceVersion "1"]
[SourceVersionDate "2016.10.25"]
[SourceQuality "1"]
[WhiteTeam "Buje"]
[BlackTeam "Rovinj Batana"]
[WhiteTeamCountry "CRO"]
[BlackTeamCountry "CRO"]

1. d4 d5 2. Nf3 Nf6 3. g3 c6 4. Bg2 g6 5. 0-0 Bg7 6. e3 0-0 7. b3 b6 8. Bb2 Nbd7 9. Nbd2 Ba6 10. Re1 e6 11. a4 Re8 12. h3 Ne4 13. Nxe4 dxe4 14. Nd2 f5 15. c4 c5 16. Rb1 e5 17. d5 Bf8 18. Qc2 Bd6 19. Rbd1 Rb8 20. Nb1 Bc8 21. Na3 a6 22. Rd2 Nf6 23. Rdd1 Bd7 24. Nb1 h6 25. Nc3 Kh7 26. Bc1 Rb7 27. Qe2 Re7 28. Rf1 Be8 29. Qc2 Qb8 30. Bb2 Bf7 31. Rfe1 Qd8 1/2-1/2

[Event "CRO-chT3 West"]
[Site "Croatia"]
[Date "2011.11.06"]
[Round "8.24"]
[White "Oreskovic, Milan"]
[Black "Crnkovic, Zdravko"]
[Result "0-1"]
[WhiteElo "2037"]
[BlackElo "2040"]
[PlyCount "72"]
[EventDate "2011.03.12"]
[EventType "team-tourn"]
[EventRounds "9"]
[EventCountry "CRO"]
[SourceTitle "EXT 2014"]
[Source "ChessBase"]
[SourceDate "2013.11.20"]
[SourceVersion "1"]
[SourceVersionDate "2013.11.20"]
[SourceQuality "1"]

1. e4 e5 2. Nf3 d6 3. d4 Bg4 4. dxe5 Nc6 5. Bb5 Qd7 6. Bg5 dxe5 7. Qxd7+ Bxd7 8. 0-0 f6 9. Be3 a6 10. Ba4 0-0-0 11. Rd1 g5 12. Nc3 Nge7 13. Nd5 Nb8 14. Bb3 Nxd5 15. exd5 h5 16. c4 h4 17. c5 h3 18. Nd2 hxg2 19. Nc4 Bg4 20. d6 Bxd1 21. Bxd1 Nc6 22. Bg4+ Kb8 23. d7 Rh4 24. f3 Be7 25. Bf2 f5 26. Bxh4 fxg4 27. Bf2 gxf3 28. Rd1 Nd4 29. Bxd4 exd4 30. c6 d3 31. Rxd3 Bc5+ 32. Ne3 bxc6 33. h3 Rxd7 34. Rb3+ Kc8 35. Kh2 Rd1 36. Nxg2 Bd6+ 0-1